000 01915cam a22004454i 4500
003 PE-LiUPU
005 20250731175617.0
008 150617s r 000 0 d
020 _a8424922190
035 _a(Sirsi) i9788424922191
040 _aPE-LiUPU
_bspa
_cPE-LiUPU
_erda
049 _aPRUA
082 0 4 _a410.01
_bG48
_221
100 1 _aGilson, Étienne,
_eautor.
245 1 0 _aLingüística y filosofía :
_bensayos sobre las constantes filosóficas del lenguaje.
264 1 _aMadrid :
_bGredos,
_c1974.
300 _a334 páginas ;
_c20 centímetros
336 _atext
_2rdacontent
337 _aunmediated
_2rdamedia
338 _avolume
_2rdacarrier
490 0 _aBiblioteca Hispánica de Filosofía
505 0 _aEl mito de la descomposición del pensamiento -- La palabra y el sentido -- El lenguaje como hecho humano -- La palabra y el concepto -- Sobre las costumbres del lenguaje -- Lo hablado y lo escrito -- La «carta séptima».
526 _aP145
526 _aP127
526 _aP97
526 _aP35
526 _aP14
526 _aP07
650 0 4 _aLINGÜISTICA Y FILOSOFIA.
910 _ajck
_bjvq
_cjck
_d20150616
942 _2ddc
_cBOOK
949 _a410.01 G48
_wDEWEY
_c1
_i28289
_lCCODEBUL1
_mBUL
_r0
_sY
_tBOOK
_u2015-4-21
_xEDUCACION
_zUNKNOWN
_0COMPRA
_o.STAFF. Colección General
949 _a410.01 G48
_wDEWEY
_c2
_i25959
_lCCODEBUL1
_mBUL
_r0
_sY
_tBOOK
_u2015-4-21
_xEDUCACION
_zUNKNOWN
_0COMPRA
_o.STAFF. Colección General
994 _aC0
_bPEPRU
596 _a1
999 _a410.01 G48
_wDEWEY
_c9603
_i28289
_f2021-11-8
_g5
_lCCODEBUL1
_mBUL
_r0
_sY
_tBOOK
_u2015-4-21
_xEDUCACION
_zUNKNOWN
_0COMPRA
_o.STAFF. Colección General
_d9603
999 _a410.01 G48
_wDEWEY
_c2
_i25959
_d2018-3-28
_f2019-12-11
_g5
_lDISCARD
_mBUL
_q1
_r1
_sY
_tBOOK
_u2015-4-21
_xEDUCACION
_zUNKNOWN
_0COMPRA
_o.STAFF. Colección General
980 _81
_gALBERTO SANCHEZ Responsable de Automatización